00279pab a2200121 454500008004000000100001900040245003200059260000900091300001100100362001100111650002000122773001500142180718b1985 xxu||||| |||| 00| 0 eng d aDang, Satyapal aSikh problemsbLooking back c1985 a5-6,32 a11 May aPunjab Politics aMainstream